000 00750nam a2200289Ia 4500
005 20260324141812.0
008 008 260324s9999 xx 000 0 eng d
020 _a9781315241739
037 _aEBOOK
040 _aCRL
040 _beng
040 _cCRL
041 _2eng
041 _aeng
084 _qCRL
100 _aMark Doel; David Sawdon; Steven Shardlow
_91209569
245 0 _aTeaching Social Work Practice
245 2 _bA Programme of Exercises and Activities Towards the Practice Teaching Award
260 _bTaylor and Francis
260 _c1996
365 _a
365 _b300
856 _uhttp://www.taylorfrancis.com/books/9781315241739
942 _cEBOOK
999 _c1813035
_d1813035